Nueva filosofía de la naturaleza del hombre y otros escritos

Wedi'i Gadw mewn:
Manylion Llyfryddiaeth
Prif Awdur: Sabuco De Nantes y Barrera, Oliva
Fformat: Llyfr
Iaith:Undetermined
Cyhoeddwyd: Madrid, España Editora Nacional 1981
Rhifyn:Primera edición
Pynciau:
Tagiau: Ychwanegu Tag
Dim Tagiau, Byddwch y cyntaf i dagio'r cofnod hwn!

MARC

LEADER 00000nam a2200000Ia 4500
008 170316s9999 xx 000 0 und d
040 |a cru BVZT 
090 |a 100 S-1.1n 
100 |a Sabuco De Nantes y Barrera, Oliva   |9 1726 
245 |a Nueva filosofía de la naturaleza del hombre y otros escritos  |c / Oliva Sabuco De Nantes y Barrera; Atilano Martínez Tomé, editor 
250 |a Primera edición 
260 |a Madrid, España 
260 |b Editora Nacional 
260 |c 1981 
300 |a 297 páginas 
650 |a FILOSOFÍA  |9 5 
650 |a FILOSOFÍA DE LA NATURALEZA DEL HOMBRE  |9 1727 
650 |a BIOGRAFÍA DE LA AUTORA  |9 1728 
999 |c 17138  |d 17138 
942 |c 15 D  |h 100 S-1.1n  |2 z